000 00752cam a22002651 4500
001 36289
003 BD-RjUL
005 20211209052451.0
008 140619s1963 maub b 001 0 eng
035 _a(BD-RjUL)36386
035 _a(BD-RjUL)36386
040 _aDLC
_cODaWU
_dOCoLC
_dDLC
_beng
041 _aeng
082 _a354.481
_bSTN 1963
100 1 _aStoring, James A.
_9110451
245 1 0 _aNorwegian democracy /
260 _aBoston :
_bHoughton Mifflin ;
_c1963
300 _aix, 246 p. :
_bmap. ;
_c21 cm.
504 _aBibliography: p. 222-224.
650 0 _aConstitutional history
_zNorway.
_9110452
651 0 _aNorway
_xPolitics and government.
_974141
942 _2ddc
_cBK
999 _c36289
_d36289